[Event "11. Lovsprings EMT Mesterklassen 2000"]
[Site "Ringsted"]
[Date "2000.03.24"]
[Round "1"]
[White "Arnkilde, Anders"]
[Black "Mortensen, Martin Lind"]
[Result "1-0"]
[WhiteElo "1985"]
[BlackElo "2008"]
[PlyCount "131"]
[EventDate "2000.??.??"]

1. e4 Nf6 2. Nc3 e5 3. Nf3 Nc6 4. Bb5 Nd4 5. Ba4 Bc5 6. O-O O-O 7. d3 d6 8.
Nxd4 Bxd4 9. Bg5 c6 10. Qf3 h6 11. Bxf6 Qxf6 12. Qxf6 gxf6 13. Nd1 f5 14. exf5
Bxf5 15. Ne3 Bg6 16. c3 Bxe3 17. fxe3 Bxd3 18. Rf6 d5 19. Rxh6 Kg7 20. Rh5 f5
21. Rd1 Ba6 22. g3 Rh8 23. Rxh8 Rxh8 24. Rd2 Kg6 25. Bc2 Kg5 26. Rf2 Rf8 27.
h4+ Kg4 28. Kg2 f4 29. exf4 e4 30. Bd1+ Kf5 31. g4+ Kf6 32. Kg3 e3 33. Rh2 c5
34. g5+ Kg7 35. Be2 d4 36. Bxa6 bxa6 37. cxd4 cxd4 38. Kf3 Re8 39. Ke2 Rf8 40.
h5 Rxf4 41. h6+ Kg8 42. Rg2 Rh4 43. Kd3 Kh8 44. b4 Kg8 45. a4 Kh8 46. b5 axb5
47. axb5 Kg8 48. Ra2 Rh1 49. Kxd4 Rg1 50. Rxa7 e2 51. g6 Rxg6 52. h7+ Kh8 53.
Re7 Rg1 54. Rxe2 Rb1 55. Kc5 Rc1+ 56. Kd6 Rb1 57. Kc6 Rc1+ 58. Kb7 Rb1 59. b6
Rb3 60. Kc7 Rc3+ 61. Kb8 Rb3 62. b7 Rb1 63. Re8+ Kxh7 64. Kc7 Rc1+ 65. Kd6 Rd1+
66. Kc5 1-0

[Event "11. Lovsprings EMT Mesterklassen 2000"]
[Site "Ringsted"]
[Date "2000.03.24"]
[Round "1"]
[White "Askgaard, Jens"]
[Black "Jorgensen, Michael"]
[Result "0-1"]
[WhiteElo "2131"]
[BlackElo "2257"]
[PlyCount "132"]
[EventDate "2000.??.??"]

1. d4 f5 2. g3 Nf6 3. Bg2 g6 4. Nh3 Bg7 5. O-O d6 6. c3 Nc6 7. Qb3 e6 8. Bg5 h6
9. Bxf6 Qxf6 10. Nd2 g5 11. f4 g4 12. Nf2 d5 13. Nd3 O-O 14. e3 Nd8 15. c4 c6
16. Qc2 Bd7 17. c5 h5 18. Kf2 h4 19. Rh1 Nf7 20. Ne5 Nxe5 21. dxe5 Qe7 22. b4
b6 23. Nb3 Rfb8 24. Rhb1 Bf8 25. a3 Qd8 26. Rc1 Be7 27. Rab1 Qf8 28. Nd4 bxc5
29. bxc5 Rxb1 30. Qxb1 Rb8 31. Qc2 Qc8 32. Bf1 Qc7 33. Qc3 Qb7 34. Bd3 Qb2+ 35.
Kg1 h3 36. Qxb2 Rxb2 37. Bf1 Kf7 38. Rc3 Ra2 39. Nc2 a5 40. Ne1 Bc8 41. Nd3 Ra1
42. Nc1 a4 43. Kf2 Bd8 44. Nd3 Ba6 45. Rc1 Ra2+ 46. Kg1 Ba5 47. Nb4 Bxb4 48.
Bxa6 Bd2 49. Rb1 Bxe3+ 50. Kh1 Rxa3 51. Rb7+ Kg6 52. Bf1 Bxc5 53. Rc7 Bf8 54.
Rxc6 Kf7 55. Rc7+ Be7 56. Kg1 Ra2 57. Ra7 a3 58. Ra6 Ra1 59. Ra7 a2 60. Kf2 Kg6
61. Ra6 Bc5+ 62. Ke2 Kf7 63. Ra5 Re1+ 64. Kxe1 Bb4+ 65. Kd1 Bxa5 66. Kc2 a1=Q
0-1

[Event "11. Lovsprings EMT Mesterklassen 2000"]
[Site "Ringsted"]
[Date "2000.03.24"]
[Round "1"]
[White "Bromann, Thorbjorn"]
[Black "Frederiksen, Obert"]
[Result "1-0"]
[WhiteElo "2279"]
[BlackElo "1955"]
[PlyCount "59"]
[EventDate "2000.??.??"]

1. b3 d5 2. Bb2 Nf6 3. g3 Bf5 4. Bg2 c6 5. d3 Nbd7 6. Nd2 e5 7. e4 dxe4 8. dxe4
Be6 9. Ne2 Bc5 10. h3 Qb6 11. O-O O-O 12. Nc1 Rfd8 13. Qe2 a5 14. Nd3 Qa6 15.
Rfe1 Bb4 16. c3 Bd6 17. c4 Bb4 18. Rad1 b5 19. c5 Nxc5 20. Nxc5 Bxc5 21. Bxe5
Nd7 22. Bb2 a4 23. e5 Rac8 24. Ne4 Ba7 25. Nd6 Rc7 26. Be4 Nc5 27. Bc2 Rcd7 28.
b4 Nb7 29. a3 Nxd6 30. exd6 1-0

[Event "11. Lovsprings EMT Mesterklassen 2000"]
[Site "Ringsted"]
[Date "2000.03.24"]
[Round "1"]
[White "Flindt, Thomas"]
[Black "Pedersen, Hans Dahl"]
[Result "0-1"]
[WhiteElo "1979"]
[BlackElo "2104"]
[PlyCount "56"]
[EventDate "2000.??.??"]

1. d4 Nf6 2. Nc3 d5 3. e4 dxe4 4. f3 exf3 5. Nxf3 Bf5 6. Ne5 e6 7. g4 Bg6 8.
Qf3 c6 9. g5 Nfd7 10. Nxg6 hxg6 11. Bd3 Bb4 12. Rf1 Qe7 13. Bd2 Nb6 14. Ne4
Bxd2+ 15. Kxd2 Qb4+ 16. Kc1 Rf8 17. c3 Qe7 18. c4 N8d7 19. c5 Nc8 20. Kc2 b6
21. b4 a5 22. b5 bxc5 23. bxc6 Ndb6 24. Nxc5 Nd6 25. Nd7 Nxd7 26. c7 Ra7 27.
Qc6 Nc8 28. Ba6 Qd6 0-1

[Event "11. Lovsprings EMT Mesterklassen 2000"]
[Site "Ringsted"]
[Date "2000.03.24"]
[Round "1"]
[White "Haar, Bjarne"]
[Black "Madsen, Hans Henrik"]
[Result "1/2-1/2"]
[WhiteElo "1986"]
[BlackElo "2062"]
[PlyCount "105"]
[EventDate "2000.??.??"]

1. e4 e6 2. d4 c5 3. Nf3 cxd4 4. Nxd4 Nc6 5. Be3 Nf6 6. Nd2 d5 7. Bb5 Bd7 8.
Bxc6 bxc6 9. e5 Ng8 10. N4b3 Qc7 11. f4 c5 12. O-O Nh6 13. Bf2 Be7 14. c4 d4
15. Ne4 Rb8 16. Be1 Nf5 17. Qg4 h5 18. Qe2 Ba4 19. Rf3 Ne3 20. Qd3 Qb6 21. Ba5
Qa6 22. Bc7 Rc8 23. Nd6+ Bxd6 24. Bxd6 Bxb3 25. Qxb3 Nxc4 26. Qd3 Rc6 27. Bxc5
Rxc5 28. b3 Qc8 29. bxc4 Rxc4 30. Qa3 Qc7 31. Rb1 Rc3 32. Qa4+ Kf8 33. Qb4+ Kg8
34. Rxc3 dxc3 35. Rc1 c2 36. Qd2 Qb6+ 37. Qf2 Qb4 38. h3 g6 39. Rxc2 Qe7 40.
Qc5 Qd7 41. Qc8+ Qxc8 42. Rxc8+ Kg7 43. Rxh8 Kxh8 44. Kf2 Kg7 45. Ke3 Kf8 46.
Kd4 Ke7 47. Kc5 Kd7 48. Kb5 Kc7 49. a4 h4 50. Ka6 Kb8 51. a5 Ka8 52. Kb5 Kb7
53. a6+ 1/2-1/2

[Event "11. Lovsprings EMT Mesterklassen 2000"]
[Site "Ringsted"]
[Date "2000.03.24"]
[Round "1"]
[White "Hovmoller, Kristian"]
[Black "Krogh, Peter Ove"]
[Result "1-0"]
[WhiteElo "2052"]
[BlackElo "1971"]
[PlyCount "115"]
[EventDate "2000.??.??"]

1. d4 Nf6 2. c4 e6 3. Nc3 Bb4 4. Qc2 c5 5. dxc5 Nc6 6. Nf3 Bxc5 7. Bf4 O-O 8.
Rd1 Qb6 9. e3 d5 10. a3 dxc4 11. Bxc4 Be7 12. O-O a6 13. Rd2 Qa5 14. Rfd1 h6
15. e4 e5 16. Be3 Bg4 17. Be2 Rac8 18. Qb3 b5 19. Qc2 b4 20. Nd5 Nxd5 21. Rxd5
Qc7 22. Bxa6 Bxf3 23. gxf3 Nd4 24. Qxc7 Nxf3+ 25. Kg2 Nh4+ 26. Kh3 Rxc7 27.
Rxe5 Ng6 28. Ra5 bxa3 29. bxa3 Rc3 30. Rd3 Rc2 31. Rb3 Bd6 32. Bd3 Ra2 33. Bb1
Re2 34. Kg2 Re1 35. Ra6 Be5 36. Ra5 Rd8 37. Bc2 Rc8 38. Rb1 Re2 39. Bd1 Re1 40.
Bg4 Rxb1 41. Bxc8 Rb3 42. Ra8 Bb8 43. a4 Nh4+ 44. Kf1 Bxh2 45. Be6+ Rb8 46.
Rxb8+ Bxb8 47. Bd5 Bc7 48. Bd2 Nf3 49. Bc3 Bb6 50. a5 Ba7 51. a6 g5 52. Kg2 Nd4
53. Bd2 Kg7 54. e5 Kg6 55. Be4+ f5 56. Bd5 h5 57. e6 Kf6 58. Bxg5+ 1-0

[Event "11. Lovsprings EMT Mesterklassen 2000"]
[Site "Ringsted"]
[Date "2000.03.24"]
[Round "1"]
[White "Jensen, Leif"]
[Black "Pedersen, Henrik Dahl"]
[Result "0-1"]
[WhiteElo "2138"]
[BlackElo "2104"]
[PlyCount "58"]
[EventDate "2000.??.??"]

1. e4 e6 2. d4 d5 3. Nd2 Nf6 4. e5 Nfd7 5. c3 c5 6. f4 Nc6 7. Ndf3 cxd4 8. cxd4
Qb6 9. g3 f6 10. Ne2 fxe5 11. dxe5 Bb4+ 12. Bd2 a5 13. Bxb4 Qxb4+ 14. Qd2 Nc5
15. Ned4 Nxd4 16. Nxd4 Bd7 17. a3 Qb6 18. Rb1 a4 19. Be2 O-O 20. Rf1 Nb3 21.
Nxb3 Qxb3 22. Qd3 Qb6 23. Kd2 Rac8 24. Rf3 Rc5 25. Ke1 Rfc8 26. Bd1 Rc4 27. Qd2
Bb5 28. Re3 Rd4 29. Rc3 Re4+ 0-1

[Event "11. Lovsprings EMT Mesterklassen 2000"]
[Site "Ringsted"]
[Date "2000.03.24"]
[Round "1"]
[White "Nielsen, Max"]
[Black "Kronow, Jacob"]
[Result "1/2-1/2"]
[WhiteElo "2208"]
[BlackElo "2000"]
[PlyCount "44"]
[EventDate "2000.??.??"]

1. e4 e5 2. Nf3 Nf6 3. d4 Nxe4 4. Bd3 d5 5. Nxe5 Be7 6. O-O O-O 7. c4 Nc6 8.
Nxc6 bxc6 9. c5 f5 10. Qa4 Bd7 11. f3 Ng5 12. Nc3 f4 13. Ne2 Ne6 14. Qc2 g6 15.
Bd2 Rf7 16. Rad1 Qf8 17. b4 g5 18. a4 Qg7 19. Bc3 g4 20. fxg4 Qxg4 21. Kh1 Raf8
22. Ng1 Ng5 1/2-1/2

[Event "11. Lovsprings EMT Mesterklassen 2000"]
[Site "Ringsted"]
[Date "2000.03.24"]
[Round "1"]
[White "Nielsen, Torben"]
[Black "Preuss, Flemming"]
[Result "1-0"]
[WhiteElo "1930"]
[BlackElo "1910"]
[PlyCount "99"]
[EventDate "2000.??.??"]

1. d4 f5 2. c4 d6 3. g3 c6 4. Bg2 Qc7 5. d5 e5 6. dxe6 Bxe6 7. b3 Nf6 8. Bf4
Nbd7 9. Nf3 Be7 10. Nd4 Bf7 11. Nc3 g6 12. O-O O-O 13. Qc2 Rfe8 14. Rfe1 Bf8
15. e4 fxe4 16. Nxe4 Nxe4 17. Bxe4 Bg7 18. Rad1 Nc5 19. Nf3 Rad8 20. Ng5 Ne6
21. Nxf7 Qxf7 22. Be3 Nc5 23. Bg2 a6 24. b4 Ne6 25. a4 Kh8 26. Re2 Qf6 27. Bb6
Rd7 28. Bd4 Qf7 29. Bc3 Nc7 30. Rde1 Rde7 31. Rxe7 Rxe7 32. Bxg7+ Qxg7 33. Qd2
Re5 34. Rxe5 Qxe5 35. c5 d5 36. Bf1 Kg7 37. Qc2 Ne6 38. h3 Nd4 39. Qd3 Ne6 40.
Kg2 d4 41. Be2 a5 42. Bg4 Kf6 43. Qc4 Nc7 44. bxa5 Qd5+ 45. Qxd5 Nxd5 46. Bc8
Nc3 47. Bxb7 d3 48. Bxc6 Ke5 49. a6 d2 50. Bf3 1-0

[Event "11. Lovsprings EMT Mesterklassen 2000"]
[Site "Ringsted"]
[Date "2000.03.24"]
[Round "1"]
[White "Rasmussen, Bo"]
[Black "Christensen, Henrik"]
[Result "0-1"]
[WhiteElo "2046"]
[BlackElo "1870"]
[PlyCount "102"]
[EventDate "2000.??.??"]

1. d4 d5 2. c4 Nf6 3. cxd5 Qxd5 4. Nc3 Qa5 5. Nf3 e6 6. Bd2 Bb4 7. a3 Bxc3 8.
Bxc3 Qd5 9. Rc1 Ne4 10. e3 Nd7 11. Bd3 Nxc3 12. Rxc3 c6 13. O-O O-O 14. Qc2 h6
15. e4 Qh5 16. Re1 e5 17. d5 Nb8 18. Nd2 Bd7 19. Be2 Bg4 20. Rh3 Bxe2 21. Rxh5
Bxh5 22. Qc3 f6 23. Qb3 b6 24. dxc6+ Bf7 25. Qc3 Rc8 26. c7 Na6 27. Qc6 Nxc7
28. Rc1 b5 29. Qb7 Rab8 30. Qxa7 Ne6 31. Re1 Ra8 32. Qe3 Nd4 33. Rd1 Rc2 34.
Nf3 Rd8 35. Nxe5 fxe5 36. f4 exf4 37. Qe1 Rxb2 38. h3 Re2 39. Qf1 Rxe4 40. Kh1
Bc4 41. Qf2 Be2 42. Qh4 Rde8 43. Rd2 f3 44. Qf2 fxg2+ 45. Kxg2 Rf8 46. Qg3 Bf3+
47. Kh2 Be2 48. Kh1 Bc4 49. Rg2 Rf1+ 50. Rg1 Rxg1+ 51. Qxg1 Bd5 0-1

[Event "11. Lovsprings EMT Mesterklassen 2000"]
[Site "Ringsted"]
[Date "2000.03.31"]
[Round "2"]
[White "Askgaard, Jens"]
[Black "Jensen, Leif"]
[Result "1/2-1/2"]
[WhiteElo "2131"]
[BlackElo "2138"]
[PlyCount "52"]
[EventDate "2000.??.??"]

1. e4 e6 2. d4 d5 3. Nc3 dxe4 4. Nxe4 Bd7 5. Nf3 Bc6 6. Bd3 Bxe4 7. Bxe4 c6 8.
O-O Nf6 9. Bd3 Bd6 10. b3 O-O 11. Bb2 Nbd7 12. c4 Rc8 13. Re1 Qa5 14. Ne5 Ba3
15. Bxa3 Qxa3 16. Qc2 h6 17. Rad1 Qe7 18. Qe2 Rfd8 19. Bb1 Nxe5 20. dxe5 Nh7
21. Bxh7+ Kxh7 22. Rd3 Rc7 23. Red1 Rcd7 24. R1d2 g6 25. g3 Kg7 26. Kg2 Rxd3
1/2-1/2

[Event "11. Lovsprings EMT Mesterklassen 2000"]
[Site "Ringsted"]
[Date "2000.03.31"]
[Round "2"]
[White "Bromann, Thorbjorn"]
[Black "Nielsen, Torben"]
[Result "1-0"]
[WhiteElo "2279"]
[BlackElo "1930"]
[PlyCount "83"]
[EventDate "2000.??.??"]

1. e4 c5 2. Nf3 e6 3. d4 cxd4 4. Nxd4 a6 5. Bd3 Nc6 6. Nxc6 dxc6 7. Nd2 e5 8.
Nc4 Nf6 9. O-O Qc7 10. a4 Bc5 11. Bg5 Be6 12. Bxf6 gxf6 13. Qf3 Ke7 14. Ne3 h5
15. Bc4 Rad8 16. Nf5+ Bxf5 17. Qxf5 Rd2 18. Qf3 Qb6 19. a5 Qb4 20. Bd3 Qd4 21.
Ra2 Rg8 22. b3 Rg4 23. g3 Rg5 24. Bc4 Rg4 25. c3 Qd7 26. b4 Ba7 27. Rxd2 Qxd2
28. Rd1 Qc2 29. Re1 Qd2 30. Re2 Qg5 31. Qd3 h4 32. Rd2 Kf8 33. Qd8+ Kg7 34.
Bxf7 Kh7 35. Be6 Bxf2+ 36. Kh1 hxg3 37. Rd7+ Qg7 38. Rxg7+ Rxg7 39. Bf5+ Kh6
40. Qh8+ Kg5 41. Qxg7+ Kf4 42. Qh6+ 1-0

[Event "11. Lovsprings EMT Mesterklassen 2000"]
[Site "Ringsted"]
[Date "2000.03.31"]
[Round "2"]
[White "Flindt, Thomas"]
[Black "Rasmussen, Bo"]
[Result "0-1"]
[WhiteElo "1979"]
[BlackElo "2046"]
[PlyCount "66"]
[EventDate "2000.??.??"]

1. e4 c5 2. Nf3 e6 3. d4 cxd4 4. Nxd4 Nc6 5. Be3 Nf6 6. Bd3 d5 7. exd5 exd5 8.
O-O Bd6 9. f3 O-O 10. Qd2 Be6 11. Qf2 Qd7 12. Nc3 a6 13. Qh4 Ne5 14. f4 Nxd3
15. cxd3 Bf5 16. Rad1 Be7 17. Qg5 Bg4 18. Rc1 h6 19. Qh4 Bf5 20. Rcd1 Rfe8 21.
Qf2 Ng4 22. Qf3 Nxe3 23. Qxe3 Bc5 24. Qf2 Qd8 25. h3 Qf6 26. Nce2 Rxe2 27. Qxe2
Qxd4+ 28. Kh1 Bd6 29. Qh5 Bd7 30. Rf3 Re8 31. f5 Qe5 32. g3 d4 33. Rf4 Bc6+ 0-1

[Event "11. Lovsprings EMT Mesterklassen 2000"]
[Site "Ringsted"]
[Date "2000.03.31"]
[Round "2"]
[White "Frederiksen, Obert"]
[Black "Preuss, Flemming"]
[Result "1-0"]
[WhiteElo "1955"]
[BlackElo "1910"]
[PlyCount "97"]
[EventDate "2000.??.??"]

1. Nf3 e6 2. g3 c5 3. Bg2 Nc6 4. b3 Nf6 5. O-O Be7 6. Bb2 O-O 7. e3 d5 8. d4 b6
9. c4 Bb7 10. Nbd2 Rc8 11. dxc5 bxc5 12. Qb1 h6 13. a3 a5 14. Rd1 Qb6 15. Qc2
Rfd8 16. cxd5 exd5 17. Nh4 Qc7 18. Ndf3 Ne4 19. Nf5 Bf8 20. Nd2 Ng5 21. Nf3
Nxf3+ 22. Bxf3 Ne5 23. Bg2 g6 24. Nh4 Bg7 25. Rac1 Qb6 26. Bc3 c4 27. bxc4 Rxc4
28. Qd2 Rxc3 29. Rxc3 d4 30. Bxb7 Qxb7 31. exd4 g5 32. Qe2 gxh4 33. dxe5 Rxd1+
34. Qxd1 h3 35. Qf1 Bxe5 36. Re3 Bd4 37. Re8+ Kg7 38. Qxh3 Qf3 39. Qf1 Qxa3 40.
Qe2 Qc1+ 41. Kg2 Qc5 42. Qg4+ Kf6 43. Re4 Bc3 44. Qf3+ Kg7 45. Rg4+ Kf8 46.
Qa8+ Ke7 47. Re4+ Kf6 48. Qh8+ Kf5 49. Qh7+ 1-0

[Event "11. Lovsprings EMT Mesterklassen 2000"]
[Site "Ringsted"]
[Date "2000.03.31"]
[Round "2"]
[White "Hovmoller, Kristian"]
[Black "Arnkilde, Anders"]
[Result "1-0"]
[WhiteElo "2052"]
[BlackElo "1985"]
[PlyCount "127"]
[EventDate "2000.??.??"]

1. d4 Nf6 2. c4 e6 3. Nc3 Bb4 4. Qc2 b6 5. a3 Bxc3+ 6. Qxc3 Bb7 7. Bg5 d6 8.
Nf3 Nbd7 9. e3 O-O 10. Nd2 e5 11. dxe5 dxe5 12. Rd1 Qe7 13. Bd3 Qe6 14. Bxf6
Nxf6 15. O-O e4 16. Be2 c5 17. b4 Nd7 18. Nb3 Rac8 19. Rd2 cxb4 20. axb4 Ne5
21. Rc1 Rfe8 22. Nd4 Qg6 23. Kh1 a6 24. Nb3 h5 25. c5 Re6 26. Bc4 Nxc4 27. Qxc4
Qg5 28. Rcd1 Rg6 29. Qf1 Bc6 30. cxb6 Bb5 31. Qg1 Rxb6 32. Rd5 Qg4 33. Nc5 Bc6
34. h3 Qh4 35. R5d4 Qe7 36. Qe1 f5 37. Qe2 Qg5 38. Nxa6 Bb5 39. Qa2+ Kh7 40.
Nc5 Rg6 41. Rg1 Rcc6 42. Rdd1 Bd3 43. Nxd3 exd3 44. Rxd3 Rc1 45. f3 Rxg1+ 46.
Kxg1 Qg3 47. Qf2 Qb8 48. Qh4 Rh6 49. Qf4 Qc8 50. Rd5 Rf6 51. e4 fxe4 52. Qxe4+
Kg8 53. Rc5 Qd8 54. Qc4+ Kh7 55. Rxh5+ Kg6 56. Rd5 Qb6+ 57. Qd4 Qc7 58. Qd3+
Kh6 59. Qd2+ Kh7 60. Rh5+ Kg6 61. Qg5+ Kf7 62. Qc5 Rc6 63. Qd5+ Kf8 64. Rf5+
1-0

[Event "11. Lovsprings EMT Mesterklassen 2000"]
[Site "Ringsted"]
[Date "2000.03.31"]
[Round "2"]
[White "Jorgensen, Michael"]
[Black "Pedersen, Henrik Dahl"]
[Result "1/2-1/2"]
[WhiteElo "2257"]
[BlackElo "2104"]
[PlyCount "110"]
[EventDate "2000.??.??"]

1. d4 Nf6 2. c4 e6 3. Nf3 d5 4. Nc3 c6 5. Bg5 Nbd7 6. e3 Qa5 7. cxd5 exd5 8.
Bd3 Ne4 9. O-O h6 10. Bh4 Nxc3 11. bxc3 Qxc3 12. Qe2 Ba3 13. Rab1 O-O 14. Rb3
Qa5 15. Bb1 Bd6 16. e4 dxe4 17. Qxe4 g6 18. Qe3 Kg7 19. d5 Qxd5 20. Rd3 Bc5 21.
Qd2 Qe6 22. Re1 Qc4 23. Rc1 Qe6 24. Qc3+ Kg8 25. Rxd7 Bxd7 26. Qxc5 Qd5 27.
Qxd5 cxd5 28. Rd1 Rac8 29. Bd3 Ba4 30. Rb1 Bc2 31. Bxc2 Rxc2 32. Ne1 Rxa2 33.
Rxb7 g5 34. Bg3 Rd8 35. Rb1 f6 36. h4 a5 37. Nf3 d4 38. Rd1 d3 39. Bc7 Rd7 40.
Bb6 a4 41. Be3 a3 42. Kh2 Kf7 43. Nd4 d2 44. Nb5 Rd3 45. Bc5 Rb2 46. Nxa3 Rc3
47. Be3 Rxa3 48. hxg5 fxg5 49. Rxd2 Rxd2 50. Bxd2 Kf6 51. g3 Kf5 52. Kg2 h5 53.
Bb4 Rb3 54. Bc5 Kg4 55. Bd4 h4 1/2-1/2

[Event "11. Lovsprings EMT Mesterklassen 2000"]
[Site "Ringsted"]
[Date "2000.03.31"]
[Round "2"]
[White "Krogh, Peter Ove"]
[Black "Mortensen, Martin Lind"]
[Result "1/2-1/2"]
[WhiteElo "1971"]
[BlackElo "2008"]
[PlyCount "74"]
[EventDate "2000.??.??"]

1. c4 Nf6 2. Nc3 e5 3. Nf3 Nc6 4. e3 Bb4 5. Nd5 e4 6. Ng1 Nxd5 7. cxd5 Ne7 8.
Qg4 O-O 9. Qxe4 Bd6 10. f4 f5 11. Qc4 b6 12. Be2 a5 13. Bf3 Qe8 14. Qd4 Qf7 15.
Ne2 Bc5 16. Qa4 Nxd5 17. Qb3 c6 18. Bxd5 cxd5 19. d4 a4 20. Qc2 Bd6 21. Nc3 Bb4
22. Kf2 Bxc3 23. Qxc3 Ba6 24. Qb4 Qg6 25. Re1 Rfc8 26. Bd2 Rc4 27. Qa3 Rc2 28.
Rad1 Qc6 29. Kg1 Qb5 30. b3 axb3 31. axb3 Bb7 32. Qe7 h6 33. Bb4 Raa2 34. Qf8+
Kh7 35. Qxf5+ Kg8 36. Qf8+ Kh7 37. Qf5+ Kg8 1/2-1/2

[Event "11. Lovsprings EMT Mesterklassen 2000"]
[Site "Ringsted"]
[Date "2000.03.31"]
[Round "2"]
[White "Kronow, Jacob"]
[Black "Madsen, Hans Henrik"]
[Result "1-0"]
[WhiteElo "2000"]
[BlackElo "2062"]
[PlyCount "83"]
[EventDate "2000.??.??"]

1. d4 c6 2. c4 d5 3. Nc3 dxc4 4. e3 e5 5. Bxc4 exd4 6. exd4 Nf6 7. Nf3 Be7 8.
O-O O-O 9. Ne5 Nbd7 10. Qb3 Nxe5 11. dxe5 Ng4 12. Bf4 b5 13. Nxb5 cxb5 14. Bd5
Rb8 15. h3 Nh6 16. e6 Rb6 17. exf7+ Nxf7 18. Rad1 Bd7 19. Rfe1 Bf6 20. Be3 Qc7
21. Rc1 Qb8 22. Bc5 g6 23. Rcd1 Be8 24. Re2 Kg7 25. Rde1 Nd6 26. Re6 Nc4 27.
Bxf8+ Kxf8 28. Qb4+ Kg7 29. Rxe8 Qd6 30. Qxd6 Rxd6 31. Bxc4 bxc4 32. R1e2 Ra6
33. a3 c3 34. bxc3 Bxc3 35. Ra2 Ra4 36. Re3 Bd4 37. Rd3 Kf6 38. g3 Ke5 39. Re2+
Kd5 40. Red2 Ke4 41. Kg2 Bc5 42. f3+ 1-0

[Event "11. Lovsprings EMT Mesterklassen 2000"]
[Site "Ringsted"]
[Date "2000.03.31"]
[Round "2"]
[White "Nielsen, Max"]
[Black "Haar, Bjarne"]
[Result "1-0"]
[WhiteElo "2208"]
[BlackElo "1986"]
[PlyCount "81"]
[EventDate "2000.??.??"]

1. e4 e6 2. d4 d5 3. Nc3 dxe4 4. Nxe4 c5 5. Nf3 b6 6. Be3 Bb7 7. Bb5+ Nd7 8.
Ne5 Ke7 9. Nxd7 Bxe4 10. dxc5 f6 11. cxb6 Kf7 12. f3 Bd5 13. O-O a6 14. Ba4 Be7
15. c4 Bb7 16. Qe2 Qc8 17. c5 Bc6 18. Bxc6 Qxc6 19. b7 Qxb7 20. Nb6 Rd8 21.
Rac1 Nh6 22. c6 Qc7 23. Qxa6 Nf5 24. Bf2 Bd6 25. h3 Bf4 26. Rc3 Bd2 27. Rc2 Bf4
28. Qb7 Qxb7 29. cxb7 Ne3 30. Rc8 Nxf1 31. Kxf1 Rd1+ 32. Ke2 Rd2+ 33. Ke1 Rhd8
34. Rxd8 Rxd8 35. g3 Bb8 36. a4 Rd3 37. a5 Ke8 38. a6 Rb3 39. Nc4 Kd7 40. Na5
Rxb2 41. a7 1-0

[Event "11. Lovsprings EMT Mesterklassen 2000"]
[Site "Ringsted"]
[Date "2000.03.31"]
[Round "2"]
[White "Pedersen, Hans Dahl"]
[Black "Christensen, Henrik"]
[Result "1-0"]
[WhiteElo "2104"]
[BlackElo "1870"]
[PlyCount "67"]
[EventDate "2000.??.??"]

1. Nf3 Nf6 2. g3 c5 3. Bg2 d6 4. O-O Nc6 5. b3 Rb8 6. Bb2 e6 7. c4 Be7 8. d4
cxd4 9. Nxd4 Qd7 10. Nc3 a6 11. Qd2 O-O 12. Rad1 Nxd4 13. Qxd4 b5 14. cxb5 axb5
15. e4 b4 16. Na4 Qb5 17. Rfe1 Qh5 18. e5 dxe5 19. Qxe5 Rb5 20. Qc7 Rd5 21.
Bxd5 Nxd5 22. Qe5 Qxe5 23. Bxe5 Bd7 24. Ba1 Bxa4 25. bxa4 Bd6 26. Be5 Be7 27.
Rc1 f6 28. Ba1 e5 29. Red1 Rd8 30. Rc6 Kf7 31. a5 Nc3 32. Rxd8 Bxd8 33. Bxc3
bxc3 34. a6 1-0

[Event "11. Lovsprings EMT Mesterklassen 2000"]
[Site "Ringsted"]
[Date "2000.04.07"]
[Round "3"]
[White "Arnkilde, Anders"]
[Black "Nielsen, Max"]
[Result "1/2-1/2"]
[WhiteElo "1985"]
[BlackElo "2208"]
[PlyCount "87"]
[EventDate "2000.??.??"]

1. e4 c5 2. Nf3 Nc6 3. Bb5 g6 4. d4 cxd4 5. Bxc6 dxc6 6. Qxd4 Qxd4 7. Nxd4 Bg7
8. c3 Nf6 9. f3 O-O 10. Be3 c5 11. Nb5 Bd7 12. a4 Rfc8 13. Nd2 Ne8 14. Nc4 Be6
15. Nba3 b6 16. O-O-O f5 17. exf5 gxf5 18. Rhe1 Kf7 19. Bf4 Rd8 20. Ne5+ Bxe5
21. Bxe5 Rxd1+ 22. Rxd1 Bb3 23. Rd2 Bxa4 24. Nc4 Nf6 25. Bf4 Bb5 26. Ne5+ Ke8
27. c4 Ba4 28. Re2 Rd8 29. Bd2 Rd6 30. b4 cxb4 31. Bxb4 Re6 32. Kb2 Nd7 33. f4
Nxe5 34. Rxe5 Rxe5 35. fxe5 Kd7 36. Kc3 f4 37. Kd4 Bc6 38. Bd2 Bxg2 39. Bxf4
Ke6 40. Bg5 Kd7 41. Kc3 e6 42. h4 Kc6 43. Be7 a6 44. Bf8 1/2-1/2

[Event "11. Lovsprings EMT Mesterklassen 2000"]
[Site "Ringsted"]
[Date "2000.04.07"]
[Round "3"]
[White "Bromann, Thorbjorn"]
[Black "Hovmoller, Kristian"]
[Result "1-0"]
[WhiteElo "2279"]
[BlackElo "2052"]
[PlyCount "87"]
[EventDate "2000.??.??"]

1. e4 c5 2. Nf3 d6 3. d4 cxd4 4. Qxd4 Nc6 5. Bb5 Bd7 6. Bxc6 Bxc6 7. Nc3 Nf6 8.
Bg5 h6 9. Bxf6 gxf6 10. O-O Rg8 11. Kh1 f5 12. exf5 Bxf3 13. gxf3 Bg7 14. Qg4
Qd7 15. Nd5 O-O-O 16. Nxe7+ Qxe7 17. f6+ Qe6 18. fxg7 Qxg4 19. fxg4 Rxg7 20.
Rg1 Re8 21. f3 Re3 22. Raf1 Rg6 23. Kg2 Rge6 24. Rf2 Kd7 25. Rd1 b6 26. Rd5 Ke7
27. Rd4 R6e5 28. Rfd2 Re6 29. Kf2 R3e5 30. f4 Rc5 31. f5 Rf6 32. Ke3 Kd7 33.
Rd5 Rc4 34. R5d4 Rc5 35. Kf4 Kc6 36. c4 a5 37. b3 b5 38. h4 Re5 39. Re4 Rc5 40.
Rd5 bxc4 41. bxc4 Rxc4 42. Rxc4+ Kxd5 43. Rc8 Kd4 44. g5 1-0

[Event "11. Lovsprings EMT Mesterklassen 2000"]
[Site "Ringsted"]
[Date "2000.04.07"]
[Round "3"]
[White "Christensen, Henrik"]
[Black "Nielsen, Torben"]
[Result "1-0"]
[WhiteElo "1870"]
[BlackElo "1930"]
[PlyCount "121"]
[EventDate "2000.??.??"]

1. d4 d5 2. c4 e6 3. Nf3 Nf6 4. Nc3 c6 5. e3 Be7 6. Bd3 Nbd7 7. O-O O-O 8. b3
Re8 9. Bb2 Bd6 10. Qc2 b6 11. e4 dxe4 12. Nxe4 Be7 13. Ne5 Nxe5 14. dxe5 Nxe4
15. Bxe4 Bb7 16. Bxh7+ Kh8 17. Be4 Qc7 18. Qe2 g6 19. Qf3 Kg7 20. Rad1 Rad8 21.
Rd6 Kg8 22. Bxg6 Bxd6 23. Bh7+ Kf8 24. Qf6 Bb4 25. Bc1 Bd2 26. Bxd2 Rxd2 27.
Qh6+ Ke7 28. Qg5+ Kf8 29. Qxd2 Qxe5 30. Re1 Qf6 31. Qd6+ Kg7 32. Be4 Rd8 33.
Qc7 Rd2 34. Rf1 Qd4 35. Bf3 Qd7 36. Qxd7 Rxd7 37. Rd1 Rxd1+ 38. Bxd1 c5 39. f3
e5 40. g4 Kg6 41. Kf2 f6 42. h4 Bc6 43. Be2 Kh6 44. Bd3 Bd7 45. Ke3 Be6 46. f4
Bxg4 47. fxe5 fxe5 48. Ke4 Kg7 49. Kxe5 Kf7 50. Kd6 Bh5 51. Kc7 Ke6 52. Kb7 Kd6
53. Kxa7 Kc7 54. Bc2 Be8 55. Bd1 b5 56. cxb5 Bxb5 57. h5 Bd3 58. h6 Kc6 59.
Bf3+ Kc7 60. Be2 c4 61. bxc4 1-0

[Event "11. Lovsprings EMT Mesterklassen 2000"]
[Site "Ringsted"]
[Date "2000.04.07"]
[Round "3"]
[White "Haar, Bjarne"]
[Black "Askgaard, Jens"]
[Result "1/2-1/2"]
[WhiteElo "1986"]
[BlackElo "2131"]
[PlyCount "75"]
[EventDate "2000.??.??"]

1. e4 e6 2. d4 d5 3. exd5 exd5 4. Bd3 Nc6 5. c3 Bd6 6. Ne2 Qh4 7. Ng3 Nf6 8.
Qe2+ Kd8 9. Nf5 Bxf5 10. Bxf5 Re8 11. Be3 Ne4 12. Qg4 Qf6 13. O-O h5 14. Qf3
Qe7 15. Nd2 g6 16. Bh3 f5 17. Rfe1 Qf7 18. Bh6 Nxd2 19. Bxd2 Kd7 20. g3 Ne7 21.
Bg5 c6 22. Bf1 Ng8 23. h4 Nf6 24. Bf4 Ne4 25. Bd3 Qf6 26. Re2 Re6 27. Rae1 Rae8
28. Bxd6 Nxd6 29. Rxe6 Rxe6 30. Re2 Rxe2 31. Qxe2 Qe6 32. Qd2 Nf7 33. Kf1 Ke7
34. Qf4 Qd6 35. Qe3+ Qe6 36. Qf4 Qd6 37. Qe3+ Qe6 38. Qf4 1/2-1/2

[Event "11. Lovsprings EMT Mesterklassen 2000"]
[Site "Ringsted"]
[Date "2000.04.07"]
[Round "3"]
[White "Krogh, Peter Ove"]
[Black "Flindt, Thomas"]
[Result "0-1"]
[WhiteElo "1971"]
[BlackElo "1979"]
[PlyCount "72"]
[EventDate "2000.??.??"]

1. c4 Nf6 2. Nc3 c6 3. Nf3 d5 4. e3 g6 5. b3 Bg7 6. Bb2 O-O 7. Be2 Bf5 8. O-O
Nbd7 9. Nd4 e5 10. Nxf5 gxf5 11. cxd5 Nxd5 12. Qc2 e4 13. d3 Qa5 14. Nxd5 cxd5
15. Bxg7 Kxg7 16. Qb2+ f6 17. b4 Qb6 18. Qb3 Rfd8 19. dxe4 dxe4 20. f4 a5 21.
Bh5 axb4 22. Qf7+ Kh8 23. Rfe1 Nc5 24. Be2 Nd3 25. Bxd3 Rxd3 26. Kf2 Qd6 27.
Qxb7 Rd2+ 28. Kg1 Rg8 29. g3 Rb8 30. Qf7 Rc8 31. Qh5 Rcc2 32. Rad1 Rxa2 33. Kh1
b3 34. Rxd2 Rxd2 35. Rb1 b2 36. Qe8+ Kg7 0-1